00940nam a2200277 a 4500001001000000003000900010005001700019007000300036008004100039020001800080040003000098082001300128245005800141246005600199264005000255300004300305336002700348337003300375338002800408590002600436700003700462910000700499942001400506952012500520999001700645000009725DO-SdBNP20240314191553.0ta240312s2009 dr 000 p spa d a9789993456612 aDO-SdBNPbspacBNPHUerda bE24422210aEducación ciudadana :btercer grado del nivel medio aEducación ciudadana :b3 er grado del nivel medio aSanto Domingo :bGrupo Editorial Norma,c2009 a102 paginas :bilustraciones ;c28 cm. 2rdacontentatextobtxt 2rdamediaasin mediaciónbn 2rdacarrieravolumenbnc aInventariado, 2024/DG1 aMilton Ray Guevarad1948-978143 aDG 2ddccLBS1 00102ddc51708PDaBNPHUbBNPHUcCTd2024-03-12edonaciónl0oBNPHU PD E244p2024-1359r2024-03-12w2024-03-12yLBS1 c56078d56078